000 00318nam a2200133Ia 4500
005 20251222141851.0
008 251222s9999||||xx |||||||||||||| ||spa||
082 _a428.4/M19
100 _aMalkoc, Anna Maria
245 0 _aCelebrate!
250 _a2a.ed.
264 _bEnglish Language Programs Division
942 _cLIB
999 _c7738
_d7738